लोड हो रहा है...
Bhatt dipika /
| मुख्य लेखक: | |
|---|---|
| भाषा: | Undetermined |
| LEADER | 00353nam a2200109Ia 4500 | ||
|---|---|---|---|
| 001 | 80358 | ||
| 008 | 170722s9999 xx 000 0 und d | ||
| 100 | |a Khanda Deva | ||
| 245 | |a Bhatt dipika / | ||
| 942 | |c GEN | ||
| 999 | |c 16557 |d 16557 | ||
| 952 | |0 0 |1 0 |4 0 |6 R_641X911_15FO_1_000000000000000 |7 0 |8 LC1 |9 19724 |a LIB |b LIB |d 2017-08-12 |o R641x91,1 15FO.1 |p 3330 |r 2017-08-12 |w 2017-08-12 |y GEN | ||